000 00945nam a22002897a 4500
001 8437
003 FISKH
005 20250911163141.0
008 250911b cb ||||| |||| 00| 0 eng d
020 _a9780340634790
040 _aFISKH
_beng
_cFISKH
_dFISKH
050 _aPZ7.F88917 O
082 _a823.914
100 _aFrench, Vivian
245 _aOliver's vegetables /
_cBy Vivian French : Illustrated by Alison Barlett
260 _aLondon :
_bHodder Children's Books
_c1995.
300 _a32 unnumbered pages :
_bcolor illustrations ;
_c24 x 24 cm .
490 _aOliver
505 _aK
520 _aWhile visiting his grandfather, who has a wonderful garden, Oliver learns to eat vegetables other than potatoes.
521 8 _a520
_bLexile
521 8 _aK
_bRaz-Plus
650 _aVegetable garden
_vJuvenile Literature
700 _aBartlett, Alison
_eIllustrator
942 _2ddc
_cBK
_n0
999 _c8437
_d8437